000 01019nam a2200325 i 4500
003 DO-SdBNP
005 20260116073831.0
007 ta
008 240618b2024 dr ||||| |||| 00| 0 spa d
020 _a9789945648676
040 _aDO-SdBNP
_bspa
_cBNPHU
_erda
041 _aspa
082 4 _a158.1
_bN714g
_222
100 1 _aNin, Darío,
_eautor
_4aut.
_985687
245 1 0 _aGradúate de persona :
_ba vivir a plenitud !
_cDarío Nin
250 _aPrimera edición
264 1 _aSanto Domingo :
_bEditorial Santuario,
_c2024.
300 _a98 páginas ;
_c23 cm.
336 _2rdacontent
_atexto
_btxt
337 _2rdamedia
_asin mediación
_bn
338 _2rdacarrier
_avolumen
_bnc
500 _aIncluye datos biográficos del autor en la solapa de la cubierta
590 _aInventariado, 2024/BT
650 4 _aTécnicas de autoayuda
_9387
650 0 _aAutoestima
_9212
650 4 _aÉxito
_9394
650 4 _aConducta (Ética)
910 _aBtavárez/Validado. Control de calidad MFF
942 _2ddc
_cLBS1
999 _c56870
_d56870